SAT Words Click Quiz - G #2 - Statistics

General Stats
  • This quiz has been taken 602 times
  • The average score is 12 of 15
Answer Stats
Hint Answer % Correct
Utterly astonished or surprised Gobsmacked
93%
Magnificence, splendor Grandeur
91%
Bizarre or unnatural in shape or appearance Grotesque
90%
Symbol or character in writing Glyph
88%
Government where the eldest hold power Gerontocracy
87%
Extract or scoop out with a sharp tool Gouge
84%
Female-dominated society Gynarchy
84%
Friendliness, amiability Geniality
83%
Merrymaking, cheerfulness, festiveness Gaiety
82%
Alcoholic drink of rum cut with water Grog
81%
The complete range or scope of something Gamut
74%
Long, single-edged sword Glaive
72%
Vagabond of the lowest social class; outcast Guttersnipe
72%
Excessive in amount; more than is prudent Glut
71%
Trinket or bauble worn for ornamentation Gewgaw
63%
No matching quizzes found
Score Distribution
Percent of People with Each Score
Percentile by Number Answered
Your Score History
You have not taken this quiz